Paroles - No name - Indochine - Statistiques

Statistiques générales
  • Ce quiz a été pris 12 fois
  • Le résultat moyen est 159 sur 175
Statistiques - réponses
Réponse % Correct
a
100%
A
100%
à
100%
ça
100%
comme
100%
Comme
100%
Et
100%
et
100%
fille
100%
garçon
100%
Il
100%
la
100%
La
100%
le
100%
ne
100%
On
100%
pas
100%
un
100%
une
100%
y
100%
avec
91%
ciel
91%
des
91%
fin
91%
finit
91%
infinie
91%
juste
91%
les
91%
moi
91%
moi ?
91%
monde
91%
n'en
91%
nous
91%
part
91%
pour
91%
Qui
91%
qui
91%
sans
91%
toi,
91%
toi
91%
tout
91%
vie
91%
vie,
91%
Aller
82%
appartient
82%
ce
82%
C'est
82%
devant
82%
droit
82%
endroit
82%
finira
82%
l'infini
82%
oui
82%
pis
82%
pourra
82%
que
82%
qu'on
82%
retourner
82%
route
82%
si
82%
soleil
82%
Sous
82%
tant
82%
trouvera
82%
vers
82%
viens
82%
volcans,
82%
aimerait
73%
bat
73%
coeur
73%
Est-ce
73%
filles
73%
fracasse
73%
genre
73%
maintenant
73%
notre
73%
personne
73%
place
73%
regarde
73%
Se
73%
souris
73%
ton
73%
regarder
64%
veut
64%
justement
55%
Aucun quiz correspondant
Distribution des résultats
% des personnes avec chaque résultat
Percentile par nombre de réponses
Votre historique - résultats
Vous n’avez pas pris ce quiz